| 000 | 01318nam a22003617a 4500 | ||
|---|---|---|---|
| 003 | CHAP | ||
| 005 | 20220329141728.0 | ||
| 008 | 971013s1984 r 00010 d | ||
| 010 | _a72900 | ||
| 011 | _a73872 | ||
| 035 | _a83430 | ||
| 040 | _cCHAP | ||
| 090 | _aTesis | ||
| 100 | 0 | 0 |
_aCantón García, Jorge G. _918473 |
| 245 | _aEvaluación de raciones con diferentes combinaciones de soya (Glycine Max) cartamo (Carthamus Tinctarius) y algodon (Gossipium spp) para cerdos en iniciación y desarrollo | ||
| 260 |
_a(Monterrey, N. L.) : _bEl autor, _c1984 |
||
| 300 | _a43 h. | ||
| 502 | _aTesis (Ing. Agr. Esp. en Zootecnia) -- ITESM. Div. de Ciencias Agropecuarias y Marítimas | ||
| 590 |
_aALEPH _b10 _c20130110 _lUCH01 _h1414 |
||
| 590 |
_aBATCH-UPD _b10 _c20130110 _lUCH01 _h0255 |
||
| 590 |
_aBATCH-UPD _b10 _c20130110 _lUCH01 _h1503 |
||
| 590 |
_aBATCH-UPD _b10 _c20130409 _lUCH01 _h2326 |
||
| 590 |
_aBATCH-UPD _b10 _c20130410 _lUCH01 _h1427 |
||
| 590 |
_aBATCH-UPD _b10 _c20130914 _lUCH01 _h0833 |
||
| 590 |
_aCONVERSION _b10 _c20130109 _lUCH01 _h1340 |
||
| 650 | 1 | 4 |
_aGanado porcino _xAlimentación. _945329 |
| 650 | 1 | 4 |
_aPasta de algodón. _985897 |
| 650 | 1 | 4 |
_aPasta de azafrancillo. _985898 |
| 650 | 1 | 4 |
_aPasta de soya. _985904 |
| 901 | _aBK | ||
| 942 | _cTESIS | ||
| 949 |
_bBC _cTES _d-37998 _eTS1 _i83430 _si |
||
| 999 |
_c72900 _d72900 |
||